[Event "Europe Echecs Blitz May op"]
[Site "Europe Echecs INT"]
[Date "2021.05.09"]
[Round "8"]
[White "Caubin, Frederic"]
[Black "Alberola, Raphael"]
[Result "0-1"]
[WhiteElo "1781"]
[BlackElo "1664"]
[PlyCount "95"]
[EventDate "2021.05.09"]
[EventType "swiss (blitz)"]
[EventRounds "11"]
[EventCountry "FRA"]
[SourceTitle "CBM 202 Extra"]
[Source "ChessBase"]
[SourceDate "2021.07.31"]
[SourceVersion "1"]
[SourceVersionDate "2021.07.31"]
[SourceQuality "1"]

1. e4 d5 2. exd5 Qxd5 3. Nc3 Qa5 4. g3 Nf6 5. Bg2 c6 6. d3 e5 7. Nge2 Be7 8. Bd2 Qc7 9. 0-0 h5 10. Ne4 Nbd7 11. Bg5 Qb6 12. b3 Qc7 13. N2c3 Nc5 14. Nxc5 Bxc5 15. Ne4 Be7 16. Re1 Be6 17. a4 Nxe4 18. Bxe7 Qxe7 19. dxe4 h4 20. Qd3 hxg3 21. hxg3 Rd8 22. Qe3 b6 23. Rad1 0-0 24. f3 Qb4 25. Kf2 Rxd1 26. Rxd1 c5 27. Qd2 Qa3 28. Bf1 c4 29. Qc3 cxb3 30. Ra1 Qc5+ 31. Qxc5 bxc5 32. cxb3 Bxb3 33. Rc1 Rc8 34. Bb5 c4 35. Ke2 c3 36. Kd3 c2 37. Kd2 f6 38. Bd3 Bxa4 39. Bxc2 Bxc2 40. Rxc2 Rxc2+ 41. Kxc2 Kf7 42. Kb3 Ke6 43. Ka4 Kd6 44. Ka5 Kc5 45. Ka6 Kd4 46. Kxa7 Ke3 47. Kb6 Kxf3 48. Kc5 0-1

[Event "C'Chartres Blitz op April"]
[Site "Europe Echecs INT"]
[Date "2021.04.10"]
[Round "9"]
[White "Caubin, Frederic"]
[Black "Bassing, Cassandre"]
[Result "1-0"]
[WhiteElo "1781"]
[BlackElo "1191"]
[PlyCount "51"]
[EventDate "2021.04.10"]
[EventType "swiss (blitz)"]
[EventRounds "11"]
[EventCountry "FRA"]
[SourceTitle "CBM 201 Extra"]
[Source "ChessBase"]
[SourceDate "2021.05.31"]
[SourceVersion "1"]
[SourceVersionDate "2021.05.31"]
[SourceQuality "1"]

1. e4 e5 2. f4 d6 3. Nf3 Nc6 4. Bc4 Be6 5. Bxe6 fxe6 6. fxe5 dxe5 7. 0-0 Nf6 8. d3 Bc5+ 9. Kh1 0-0 10. Bg5 Qd7 11. Bxf6 Rxf6 12. Nc3 Raf8 13. Ne2 Rg6 14. Ng3 Rh6 15. Qe2 Ne7 16. Nxe5 Qd4 17. Rxf8+ Kxf8 18. Rf1+ Kg8 19. Nc4 Bd6 20. Nxd6 Qxd6 21. Kg1 Ng6 22. Qf2 e5 23. Qf7+ Kh8 24. Qe8+ Nf8 25. Rxf8+ Qxf8 26. Qxf8# 1-0

[Event "C'Chartres Blitz op April"]
[Site "Europe Echecs INT"]
[Date "2021.04.10"]
[Round "2"]
[White "Maisuradze, Nino"]
[Black "Caubin, Frederic"]
[Result "1-0"]
[WhiteElo "2251"]
[BlackElo "1781"]
[PlyCount "117"]
[EventDate "2021.04.10"]
[EventType "swiss (blitz)"]
[EventRounds "11"]
[EventCountry "FRA"]
[SourceTitle "CBM 201 Extra"]
[Source "ChessBase"]
[SourceDate "2021.05.31"]
[SourceVersion "1"]
[SourceVersionDate "2021.05.31"]
[SourceQuality "1"]

1. d4 f5 2. Nf3 Nf6 3. Bg5 g6 4. Bxf6 exf6 5. e3 d5 6. Bd3 c6 7. c3 Na6 8. Qc2 Nc7 9. Nbd2 Bd6 10. h3 Be6 11. h4 h5 12. 0-0-0 Qd7 13. Ng1 0-0-0 14. Ne2 g5 15. hxg5 fxg5 16. f3 Ne8 17. e4 f4 18. e5 Be7 19. Nb3 b6 20. c4 Kb8 21. c5 b5 22. Na5 Ng7 23. a4 a6 24. axb5 axb5 25. Qb3 Kc7 26. Nc3 Rb8 27. Bxb5 Rxb5 28. Nxb5+ cxb5 29. c6 Qc8 30. Qxb5 Qb8 31. Qa6 Qb6 32. Qb7+ Qxb7 33. cxb7 Bb4 34. Nb3 Kxb7 35. Nc5+ Bxc5 36. dxc5 Nf5 37. b4 Ne3 38. Rd2 Nc4 39. Ra2 Ra8 40. c6+ Kb8 41. Kb1 Rxa2 42. Kxa2 Kc7 43. b5 Kb6 44. Rxh5 Kxb5 45. c7 Kc6 46. Rh6 Kxc7 47. Rxe6 Ne3 48. Rg6 Nxg2 49. Rxg5 Ne3 50. Rg7+ Kd8 51. Kb2 d4 52. Rf7 d3 53. Rxf4 d2 54. Rd4+ Ke7 55. Rxd2 Nc4+ 56. Kc3 Nxd2 57. Kxd2 Ke6 58. f4 Kf5 59. Ke3 1-0

[Event "Europe Echecs online op April"]
[Site "Europe Echecs INT"]
[Date "2020.04.11"]
[Round "1"]
[White "Caubin, Frederic"]
[Black "Mamedov, Rauf"]
[Result "0-1"]
[WhiteElo "1740"]
[BlackElo "2654"]
[PlyCount "54"]
[EventDate "2020.04.11"]
[EventType "swiss (blitz)"]
[EventRounds "11"]
[EventCountry "FRA"]
[SourceTitle "EXT 2021"]
[Source "ChessBase"]
[SourceDate "2020.10.23"]
[SourceVersion "1"]
[SourceVersionDate "2020.10.23"]
[SourceQuality "1"]

1. e4 c5 2. Nf3 Nc6 3. Bb5 g6 4. Bxc6 bxc6 5. e5 Bg7 6. 0-0 Nh6 7. Re1 0-0 8. h3 Nf5 9. c3 d5 10. exd6 exd6 11. d4 cxd4 12. Nxd4 Nxd4 13. cxd4 Qb6 14. Na3 Be6 15. Nc2 Rfe8 16. b3 Bf5 17. Bb2 Rxe1+ 18. Nxe1 Re8 19. Nf3 Qa6 20. Bc3 Be4 21. Nd2 Bd5 22. a4 Qd3 23. Rc1 Bh6 24. Nf3 Qf5 25. Nd2 Qg5 26. f3 Re3 27. Bb2 Rd3 0-1